000 00229nam a2200097Ia 4500
008 240331s9999 xx 000 0 und d
082 _bNAV
100 _aTamilvanan. ed
245 0 _aNaveenathamilum pin naveenaththuvamum
942 _cL
999 _c2027
_d2027